000 00962cam a2200253 4500
001 --WB3624-17
008 000000n2000 000 0 eng u
035 _a(Sirsi) u106625
245 _aNo houseroom to boats
260 _c2000
490 _aEstates Gazette
_v(0024/17) 17 June 2000, 166(1)
520 _aA ruling has clarified the position on the statutory protection held by unusual types of dwelling. It states that occupiers of houseboats and mobile homes can only qualify for Rent Act or Housing Act protection where these have become part and parcel of land.
590 _aWB
650 _aRENT ACT 1977
650 _aHOUSING ACT 1985
650 _aDWELLING HOUSES
650 _aTEST CASE
650 _aASSURED TENANCIES
650 _aHOUSEBOATS
650 _aMOBILE HOMES
650 _aCHELSEA YACHT & BOAT CO LTD V POPE
690 _aPROPERTY-RESIDENTIAL PROPERTY-RESIDENTIAL LANDLORD AND TENANT-RESIDENTIAL TENANCIES
942 _n0
999 _c63848
_d63848